000
00314 a2200109 4500
001
ART_41787
005
20260410161814.0
008
260409a
245
1
0
_a
La Academia Jurídica según Owen Fiss
100
1
_a
Saba, Roberto
773
0
_t
Academia
_g
- Año 12, Nº 24 (jul./dic. 2014)
_w
REV4314
999
_c
21706
_d
21706